00194nam a22000857a 4500082001400000100002900014245002800043260002900071300000800100 a923.2 ABD amullah abdul salam zaeef aGawanta Namo Ki Kahani  aLAHOREbTATAB DOSTc2007 a96P